| 000 | 00535nam a2200193Ia 4500 | ||
|---|---|---|---|
| 003 | GCL | ||
| 008 | 140319s9999 xx 000 0 ara d | ||
| 040 |
_aGCL / _cGCL |
||
| 082 | 0 | 4 |
_a332 _bص م |
| 100 | 1 | _aصبحى تادرس قريصة | |
| 245 | 1 | 0 |
_aمقدمة فى الاقتصاد / _cصبحى تادرس قريصة |
| 700 | 1 | _aمحمود يونس | |
| 300 | _a566 ص | ||
| 490 |
_aكتاب _v0 |
||
| 650 | 0 | 4 | _aالاقتصاد |
| 650 | 0 | 4 | _aالتنمية الاقتصادية |
| 650 | 0 | 4 | _aالنقود |
| 942 |
_2ddc _cBK |
||
| 999 |
_c42072 _d42072 |
||